00662nam a2200217Ia 4500003000900000008004100009040001300050040001300063041000800076100001900084245004400103250001200147260002100159260000900180300001100189300001000200490000600210942000700216999001700223952020400240IT-RoPAU120407s9999 xx 000 0 und d aIT-RoPAU cIT-RoPAU aita aBenhard Haring aPreghiera. Integrazione tra fede e vita aCatania aEdizioni Paoline c1974 a117 p. c18 cm v1 cBK c24579d24579 00102ddc406264_100000000000000_2371aPAULUSbPAULUSd2012-04-11l0o264.1.23r2012-04-11 00:00:00w2012-04-11yBKzInserito da: LUCIA In data: 02 settembre 2011 fondo: Via A.Severo 56 Progr:29653